Histoire des Pheniciens.

محفوظ في:

المؤلف الرئيسي: Battouta, Bint (مؤلف)

التنسيق: كتاب

اللغة: French

منشور في: Le Caire : Impr. de l'Institut fran̨cais d'archéologie orientale, 1947.

الموضوعات:

الوسوم: إضافة وسم

لا توجد وسوم, كن أول من يضع وسما على هذه التسجيلة!

رقم الطلب: DS81 .B38 1947

LEADER 00613nam a2200217I 4500
001 6708
003 OSt
005 20260212112446.0
008 130303s1947 ua b 000 0 fre d
010 |a 49022831 
040 |c ARCE Library 
050 4 |a DS81 .B38 1947 
100 1 |a Battouta, Bint,  |e author  |9 26389 
245 1 0 |a Histoire des Pheniciens. 
264 1 |a Le Caire :  |b Impr. de l'Institut fran̨cais d'archéologie orientale,  |c 1947. 
300 |a 141 pages ;  |c 21 cm. 
504 |a Includes bibliographical references in footnotes. 
650 0 |a Phoenicians. 
901 |a reviewed 
942 |c BK  |2 lcc 
999 |c 8105  |d 8105